000 00301nam a2200121Ia 4500
008 220204s9999 xx 000 0 und d
082 _a330.161
_bHAR
100 _aHaridass Kapoor
245 0 _aKapoor's interest calculator
250 _aEd.27
260 _aNew Delhi
_bH P J Kapoor
_c1976
942 _cBK
999 _c24204
_d24204